Wordt geladen...

PHYSICAL CHEMISTRY

Bibliografische gegevens
Hoofdauteur: BARROW GORDON M
Formaat: Printed Book
Gepubliceerd in: NEW YORK MC GRAW/HILL BOOK COMPANY 1966
Editie:2
Onderwerpen:
LEADER 00546nam a2200181 4500
020 |c 5.4 
082 |a 541.3 BAR 
100 |a BARROW GORDON M 
245 |a PHYSICAL CHEMISTRY  |h ENGLISH 
250 |a 2 
260 |a NEW YORK  |b MC GRAW/HILL BOOK COMPANY  |c 1966 
300 |a 843  |f HB 
500 |a   
590 |d Dollar 5.4 
650 |a PHYSICAL CHEMISTRY 
942 |c BK 
999 |c 119631  |d 119631 
952 |0 0  |1 0  |4 0  |6 541_300000000000000_BAR  |7 0  |9 133096  |a CHE  |b CHE  |g 5.40  |l 0  |o 541.3 BAR  |p CHE940  |r 2019-10-15  |w 2019-10-15  |y BK